00373nam a2200157Ia 4500001000500000005001700005008004100022041000800063082001500071100003600086245006100122260000900183300000700192650000800199654000800207956020260306161727.0260306t1998||||xx |||||||||||||| ||spa|| aESP a382.1bC81 aCornejo Ramírez, EnriqueeAUT 0aComercio internacional:bhacia una gestión competitiva c1998 ac aGEN aCAN